00654nam a2200181 i 450000100060000000300090000600500170001500700030003200800410003510000330007624500680010926000690017730000220024660000360026885200310030499900170033595201200035238488ES-MaACL20230906155751.0t|030225s1947 cu ||||1| spa d1 aCamacho, Pánfilo D.93396310aMarta Abreu b: una mujer comprendida / cPánfilo D. Camacho. aLa Habana : bTrópico, c1947 (fSeoane, Fernández y Cía.) a223 p. ; c21 cm.14aAbreu Arencibia, Marta,9165735 aES-MaACLjC-4515 bR.24314 c38488d38488 00104070aATENEOMbATENEOMcSPALd2008-01-17eSCl0oC-4515p1040522r2023-02-23 00:00:00w2023-02-23yMONOGRAFIA